[Event "45th GM 2017"]
[Site "?"]
[Date "2017.07.18"]
[Round "3.2"]
[White "Wang, Yue"]
[Black "Nisipeanu, Liviu Dieter"]
[Result "1/2-1/2"]
[WhiteElo "2699"]
[BlackElo "2683"]
[EventDate "2017.??.??"]
[Annotator "Bojkov,Dejan"]
[PlyCount "71"]
[Beauty "6392521969159"]
[EventType "schev"]
[EventRounds "3"]
[WhiteClock "0:09:58"]
[BlackClock "0:05:07"]

1.d4 Nf6 2.c4 e6 3.Nf3 d5 4.Nc3 Be7 5.Bg5 h6 6.Bh4 O-O 7.e3 Nbd7 8.Rc1 {In the QGD it is all about one little tempo in the opening. White is waiting with the development of his light-squared bishop and does all the other useful moves. So does Black.} 8...c5 {A very straightforward way of solving the opening problems, and a favorite of Kramnik. These three silent useful moves are more common:} ( 8...c6 ) ( 8...b6 ) ( 8...a6 ) 9.dxc5 ( {Black gradually equalized after} 9.cxd5 Nxd5 10.Bxe7 Nxe7 11.Be2 b6 12.dxc5 Nxc5 13.b4 Qxd1+ 14.Rxd1 Nd7 15.Nd4 a5 16.b5 Nc5 17.f3 Bb7 {Ivanchuk,V (2733)-Kramnik,V (2810) Novi Sad 2016} ) 9...Nxc5 10.cxd5 g5 $1 {It is this important move that makes Black's idea playable. Some years back people would simply dismiss it on general grouds. Weakening the king? Isolated pawn? No thanks! But now, with a little help of our silicon friends...} ( 10...Nxd5 {loses a pawn after} 11.Nxd5 exd5 12.Rxc5 ) 11.Bg3 Nxd5 12.Nxd5 Qxd5 13.Qxd5 ( {White cannot avoid the trade of the queens} 13.Qc2 Qxa2 ) 13...exd5 {So, it became obvious that the black king will not suffer without the queens.} 14.Be2 ( {Or} 14.Be5 Bf5 15.Be2 Rac8 16.O-O Bd3 17.Bxd3 Nxd3 18.Rcd1 Nxe5 19.Nxe5 Rc2 {So,W (2812) -Kramnik,V (2808) Leuven 2017} ) 14...Bd7 15.O-O Rac8 {And then little by little it came to the second player that the isolani might not be as dangarous in this particular endgame. Although sure enogh it is not everyone's cup of tea.} 16.Be5 ( {Or} 16.Rfd1 Ne4 17.Be5 f6 18.Bd4 Rc6 {with approximate equality.} ) 16...g4 17.Nd4 f6 $146 {Nisipeanu decided to chase the opponent's bishop away from the long diagonal immediately.} ( {In the top-level predecessor:} 17...h5 18.Nb5 f6 19.Bd4 Ne6 20.Nxa7 ( 20.Bc3 $5 {followed by Nb5-d4 is another way to play it.} ) 20...Ra8 21.Nb5 Rxa2 22.Bc3 {Black solved the problems, Topalov,V (2741)-Kramnik,V (2811) Shamkir 2017} ) 18.Bg3 h5 19.f3 {Sooner or later White will have to do this, although it weakens the e3-pawn.} ( {It is not that easy to mount pressure against the d5-pawn:} 19.Rfd1 Kf7 20.Nc2 Rh8 21.Rxd5 Be6 22.Rdd1 Na4 ) 19...f5 20.Rfd1 a6 21.Bf4 ( 21.Be5 Bg5 22.Kf2 Rfe8 {looks OK for Black.} ) ( {Maybe White should have tried} 21.Nc2 Na4 22.Be5 ) 21...Rfe8 22.Rd2 Bf6 23.Bd1 ( {The game is also equal after} 23.Rdc2 Ne6 24.Nxe6 Bxe6 25.b3 Rxc2 26.Rxc2 d4 ) 23...Ne6 $1 {Once that the important blockader is removed from d4 Black has nothing to worry about.} 24.Rxc8 Rxc8 25.Ne2 ( {Perhaps White should have gone for the pawn with} 25.Nxe6 Bxe6 26.Bb3 Kf7 ( 26...Rd8 27.e4 ) ( {Not sure how much is the extra pawn worth after} 26...gxf3 27.gxf3 Kf7 28.Bxd5 Bxd5 29.Rxd5 Rc1+ 30.Kg2 Rc2+ 31.Kh3 Rxb2 32.Rxf5 Rxa2 33.Rxh5 ) 27.fxg4 ( {better than the immediate} 27.Bxd5 Bxd5 28.Rxd5 Rc1+ 29.Kf2 Rc2+ {as the king cannot go up} 30.Kg3 $4 h4# ) 27...fxg4 28.Bxd5 Bxd5 29.Rxd5 Kg6 ( {This time} 29...Rc1+ {just improves the white king after} 30.Kf2 Rc2+ 31.Kg3 ) 30.Rd2 Kf5 {It is clear though that Black has enough compensation thanks to his active pieces.} ) 25...Bb5 {The threat is to trade on e2 and f4 and it leads to a massive annihilation of fighting resources.} 26.Rxd5 gxf3 27.gxf3 Bxe2 28.Bxe2 Nxf4 29.exf4 Bxb2 30.Bd3 Rc5 {Without the rooks it is even easier.} 31.Rd8+ ( 31.Rxc5 Bd4+ ) 31...Kg7 32.Rd7+ Kf6 33.Rxb7 Bd4+ 34.Kg2 Rc3 35.Rb3 Rxb3 36.axb3 1/2-1/2

[Event "45th GM 2017"]
[Site "?"]
[Date "2017.07.21"]
[Round "5.4"]
[White "Wang, Yue"]
[Black "Bluebaum, Matthias"]
[Result "1-0"]
[WhiteElo "2699"]
[BlackElo "2642"]
[EventDate "2017.??.??"]
[Annotator "Bojkov,Dejan"]
[PlyCount "117"]
[Beauty "6461241425928"]
[EventType "schev"]
[EventRounds "3"]
[WhiteClock "0:06:15"]
[BlackClock "0:01:07"]

1.d4 Nf6 2.c4 e6 3.Nf3 d5 4.Nc3 Bb4 5.Bd2 {This move is very rare here, but Nakamura had tried it successfully against Aronian in 2014. What's more interesting is that Aronian used it himself against Anand in 2015 and the former world champion also experienced difficulties.} 5...O-O 6.e3 b6 ( 6...c5 7.a3 Bxc3 8.Bxc3 Ne4 9.Qc2 Nxc3 10.bxc3 {was slightly better for White in Aronian,L (2781)-Anand,V (2803) London 2015} ) ( {However} 6...Re8 {makes a lot of sense:} 7.a3 Bf8 8.Rc1 Nbd7 9.Be2 a6 10.c5 c6 11.Na4 Ne4 12.O-O Nxd2 13.Nxd2 e5 {as in Nakamura,H (2767)-Aronian, L (2797) St. Louis 2014} ) 7.Rc1 ( {Another participant in Dortmund chose a different path:} 7.cxd5 exd5 8.Rc1 Be7 9.Bd3 Bb7 10.O-O Nbd7 11.Be1 {and eventually won, Fedoseev,V (2703) -Gajewski,G (2628) Khanty-Mansiysk 2017} ) 7...Ba6 8.Qa4 c5 9.cxd5 $146 ( {A novelty in comparison to an old game that went} 9.a3 cxd4 10.exd4 Bxc3 11.bxc3 Qc8 {were Black was already better, Pfeiffer, G-Kluger, G Leipzig 1960} ) 9...Bxf1 10.Rxf1 {The point. White plays for better pawn structure. The fact that his king stays in the center for a moment does not worry him. He has a lead in the development and the center is stable enough.} ( {Wang avoids the kingside weakening after} 10.Kxf1 exd5 11.g3 ) 10...exd5 ( 10...Nxd5 {deserved attention. To that White can go} 11.Nxd5 Bxd2+ 12.Kxd2 Qxd5 13.Ke2 {with play on the open c-and d-files.} ) 11.Ke2 a6 ( {One way Bluebaum could have tried to make use of the shaky king was} 11...Qe7 12.dxc5 ( 12.Rfd1 c4 {looks good for Black.} ) 12...bxc5 13.Rfd1 d4 {A typical central break. I suspect that in his analysis Wang spotted this option and planned} 14.Kf1 $1 dxc3 15.bxc3 {regaining the bishop, with advantage.} ) 12.dxc5 bxc5 13.Rfd1 {As a result of White's opening strategy Black has a pair of hanging pawns. There is more central control and play along the half-open b- and e-files. Still, the endgames might turn unfavorable for Black, especially if White manages to force one of the pawns to make a move forward. In that case the remaining one will become backward and weak.} 13...Nbd7 14.a3 Bxc3 ( 14...Ba5 $2 {drops material after} 15.Nxd5 ) ( {but} 14...Nb6 {deserved attention with slightly better play for White after} 15.Qc2 Ba5 16.Kf1 ( {Or} 16.b4 $5 ) ) 15.Bxc3 Qb6 16.Ne5 {The general policy is to trade as much as you can. In the endgame the central control of the hanging pair would not matter.} ( {Another way to look for trades was} 16.Qa5 Qb3 17.Bxf6 Nxf6 18.Qxc5 Rab8 $5 ( {Better than} 18...Qxb2+ 19.Rc2 Qb8 20.Qb4 ) ) 16...Qe6 ( {More accurate seems to be} 16...Nxe5 $5 17.Bxe5 c4 {since in the line} 18.Bxf6 ( 18.Kf1 $5 ) 18...Qxf6 19.Rxd5 Qxb2+ 20.Rc2 Qb7 {White does not win a pawn:} 21.Qxc4 Rac8 22.Rc5 Rxc5 23.Qxc5 Qxg2 ) 17.Nxd7 Nxd7 18.Kf1 {Now White is a little better but will this be sufficient for something more than the better half of the point?} 18...f6 19.h3 Rfc8 20.Qg4 {White keeps trading.} 20...Qxg4 ( {Bad was} 20...Qd6 21.Qf3 Nb6 22.Ba5 {and White wins material.} ) 21.hxg4 Nb6 22.Ba5 Nc4 23.Be1 Nb6 ( {Or else the pawn will suffer after} 23...Nxb2 24.Rxd5 c4 25.Rd4 ) 24.Ba5 Nc4 25.Be1 Nb6 26.b4 {That is the other typical way to attack the hanging pawns. Wang trades one of them to leave her sister isolated.} 26...cxb4 {Trading pawns makes sense. In some lines Black is happy to part with both the a6- and d5-pawns in return for the remaining white queenside pawn, thus reaching a drawish endgame 4 versus 3 on the kingside.} ( 26...c4 27.Bc3 {followed by Bc3-d4 and perhaps e3-e4 in the future leaves Black suffering.} ) 27.axb4 Kf7 {An important moment.} ( 27...Rxc1 {would not be good for Black after} 28.Rxc1 Rc8 29.Ra1 $1 ) ( {but perhaps} 27...Nc4 28.Ke2 ( 28.Rxd5 $2 Nxe3+ ) 28...Rc6 {was a more resilient defense. In these lines Bluebaum can make use of tactics to defend as in} 29.Rxd5 Nxe3 ) 28.Ra1 Rc4 29.Ra5 $1 {The a6-pawn is very important. Funnily, in the previous round Bluebaum had a powerful b-passer.} 29...Rxg4 30.Rda1 Rb8 ( {Or} 30...Rc4 31.Rxa6 Rxa6 32.Rxa6 Nd7 33.Rd6 Ne5 34.Rxd5 {with a clear extra pawn for White.} ) 31.Rxa6 {Now White added another valuable asset into his position.} 31...Re4 32.Ra7+ Re7 $6 {Another critical moment. Bluebaum goes into passive defense and this does not seem right.} ( {It made sense to sacrifice a pawn but to trade as much as can with} 32...Kg6 33.Rc7 d4 34.Raa7 dxe3 35.Rxg7+ Kf5 36.f3 Rc4 37.Ra5+ Ke6 38.Rxh7 Nd5 {Black seems to have reasonable draw chances here.} ) 33.Ke2 Rbb7 34.Rxb7 Rxb7 35.Kd3 ( 35.Ra5 $5 {was more precise.} ) 35...Ke7 ( {Here Black could have transferred the knight to a better position with} 35...Nc8 36.Kd4 Ne7 ) 36.Bc3 Nd7 37.f4 $1 {This limits the knight.} 37...Nb8 38.Bd4 Nc6 39.Bc5+ Kd7 40.Kc3 f5 {The Chinese GM has increased his advantage and prepares the advance of the passer with his next move. At top level this seems like a technical win.} ( 40...g6 {would be similar after} 41.Ra6 Kc7 42.Kb3 ) 41.Ra6 Kc7 42.Kb3 Rb8 43.Ka4 Re8 44.g3 ( 44.b5 {was possible at once, for example} 44...Re4+ 45.Kb3 Nd8 46.Ra7+ Nb7 47.Bd4 g6 48.Kb4 h5 ( 48...Kb8 49.b6 ) 49.g3 Re6 50.Be5+ Kc8 51.Ra8+ Kd7 52.Rg8 {and White wins.} ) 44...h5 45.b5 Re4+ 46.Kb3 Nd8 ( {Or} 46...Nb8 47.Ra7+ Kc8 48.Rxg7 ) 47.Bd4 ( 47.Ra7+ Nb7 48.Bd4 {should had won as well.} ) 47...g5 48.Ra7+ Kb8 49.Rh7 gxf4 ( {The last chance was} 49...h4 50.gxh4 gxf4 51.Ba7+ Ka8 52.exf4 Rxf4 53.Bb6 Ne6 54.h5 {although White should win here as well.} ) 50.gxf4 Ne6 51.Be5+ Kc8 52.b6 Nc5+ 53.Kc2 {This threatens the knight, the kingside pawns and to promote...} 53...Rc4+ ( 53...Rxe3 54.Rc7+ ) 54.Kd1 Nb7 55.Rxh5 Rb4 56.Bd4 Na5 57.Rxf5 Rb5 58.Kc2 Nc6 59.Kc3 1-0

[Event "45th GM 2017"]
[Site "?"]
[Date "2017.07.23"]
[Round "7.4"]
[White "Wojtaszek, Radoslaw"]
[Black "Nisipeanu, Liviu Dieter"]
[Result "1-0"]
[WhiteElo "2736"]
[BlackElo "2683"]
[EventDate "2017.??.??"]
[Annotator "Bojkov,Dejan"]
[PlyCount "81"]
[Beauty "7628533011500"]
[EventType "schev"]
[EventRounds "3"]
[WhiteClock "1:11:07"]
[BlackClock "0:54:56"]

1.d4 Nf6 2.c4 e6 3.Nc3 Bb4 4.Qc2 d6 {Not the main line, but this was played by Nimzowitsch himself. And another player from the neighbourhood, with first name Magnus.} 5.Bd2 {A rare reply in return. It leads to positions which White usually achieves after the 4...Nc6 move order. It was the actual move order of the game Wojtaszek-Tregubov below.} ( {Carlsen faced twice} 5.Nf3 {e.g.} 5...Nbd7 6.g3 d5 7.Bg2 dxc4 8.O-O O-O 9.Rd1 Qe7 {Kramnik,V (2783) -Carlsen,M (2881) Flor &amp; Fjaere (Norway Chess Blitz) 2014} ) ( 5.a3 {is another main line in which Nisipeanu has experience:} 5...Bxc3+ 6.Qxc3 Nbd7 7.Nf3 b6 8.e3 Bb7 9.b3 c5 10.Be2 cxd4 11.Qxd4 Nc5 12.Qd1 O-O 13.Bb2 Qe7 14.b4 Nce4 15.O-O Rfd8 16.Rc1 e5 17.h3 a5 {with equality in Lupulescu,C (2609) -Nisipeanu,L (2687) Germany 2016} ) ( 5.Bg5 {is another idea.} ) 5...Nc6 6.Nf3 O-O 7.a3 Bxc3 8.Bxc3 Qe7 9.e3 a5 {Nisipeanu tries to keep the position as blocked as possible.} ( 9...e5 10.d5 Nb8 11.Nd2 a5 12.b3 Nbd7 13.Be2 b5 14.e4 {led to a pleasant position for White in Wojtaszek,R (2727)-Tregubov,P (2582) Gibraltar 2016} ) 10.Be2 ( {Or} 10.Bd3 h6 11.O-O e5 12.d5 Nb8 13.Nd2 {L'Ami,E (2611)-Adhiban,B (2671) Baku 2016} ) 10...e5 11.dxe5 dxe5 12.h3 {It makes sense not to allow the black bishop to g4.} ( 12.O-O Bg4 13.Rfd1 Bh5 14.b3 Rfd8 15.Qb2 Ne4 16.Be1 Nc5 {with equality, Dubessay,B (2348)-Petkov,V (2558) Juvisy sur Orge 2013} ) 12...Rd8 13.O-O e4 14.Nd4 Nxd4 $146 {A novelty, which does not change the character of the game much. White has some advantage and can try to play for a win without any risk. Nisipeanu needs to be careful though.} ( {After} 14...Ne5 15.b4 Bd7 16.Rfd1 c5 17.bxc5 Qxc5 18.Rab1 Qxa3 19.Nb3 Re8 20.Ra1 Qe7 21.Rxa5 Rxa5 22.Nxa5 {White got a very pleasant, risk-free advantage in Enricci, J (2410)-Cilloniz Razzeto,A (2301) corr. 2006} ) 15.Bxd4 c5 16.Bc3 a4 {The queenside is one of the problems for Black and he hurries to block it.} ( 16...b6 {would have stumbled into} 17.b4 axb4 18.axb4 Rxa1 19.Rxa1 cxb4 20.Bd4 {when White opens files and diagonals for his pieces on the queenside.} ) 17.f4 $1 {Grabbing space on the kingside. The alternative was Ra1 (f1)-d1, clash on the open file, a rook evaporation process and possible draw.} 17...Bd7 $1 {Solid and good. The bishop is ideally placed on the c6-square where it covers both the a4- and e4-pawns and does not obstruct his rooks.} ( {White has a serious initiative after} 17...exf3 18.Bxf3 Qxe3+ 19.Kh1 Qg5 20.Rae1 ( {Black is OK after} 20.Bxf6 gxf6 ( {But not} 20...Qxf6 $2 21.Bxb7 ) 21.Rad1 Bf5 22.Rxd8+ Rxd8 23.Qxa4 Rd2 ) 20...Bf5 21.Re5 Bxc2 22.Rxg5 h6 23.Rxg7+ Kxg7 24.Bxb7 {which regains material with interest.} ) 18.f5 Bc6 19.Rf4 Rd6 20.Raf1 {Why is Wojtaszek doubling the rooks on the closed file? Is this another case of a mysterious rook move? Here are some arguments: First, the rooks are ready to attack the kingside. Second, the queen can join the party after Qc1-e1-g3. Last, but not least, the rooks are watching the watchdog, sorry, knight on f6.} 20...Rad8 $2 {Black did not feel the danger! In the press room the players discussed the position and it was clear that Nisipeanu understood that this move was a waste of time.} ( {This should have been the moment to reinforce the kingside with the timely} 20...Nd7 $1 {Now} 21.f6 {is not as effective as Black can do} ( 21.Qc1 f6 $1 {was one major point, blunting the bishop on c3 and securing enough room on the seventh rank for the major pieces to work on the defense.} ) 21...Nxf6 22.Qc1 Rf8 $1 {Defending the f7-pawn and freeing the knight again.} 23.Qe1 ( {Or} 23.Bxf6 Rxf6 24.Rxf6 gxf6 {is equalish} ) 23...Nd7 {would be safe enough for Black.} ) 21.Qc1 {Shifting the queen to the kingside.} ( {White does not want to push pawns with} 21.g4 Nd7 ( 21...Qe8 22.g5 Nd7 {is also good for Black.} ) 22.f6 Nxf6 {as he needs to use the third and fourth rank for the attack.} ) 21...Nd7 {One move too late.} ( {Perhaps Nisipeanu should have suffered the gradual attack without any counterplay after} 21...h6 22.Qe1 ) 22.f6 $1 {This is very strong.} 22...Nxf6 ( {Weaker was} 22...gxf6 23.Qe1 ) 23.Qe1 {This maneuver was missed by Nisipeanu. What has changed is that without the f5-pawn White has two open files and a huge diagonal for his pieces. This means that the "watch horse" will be removed from f6 no matter what.} 23...Ne8 ( {One pleasant line for White runs} 23...Re6 24.Qg3 Qc7 25.Qg5 h6 26.Qxc5 ) ( 23...Nd7 24.Rxf7 Qxf7 25.Rxf7 Kxf7 26.Qg3 {would be similar to the game.} ) ( {The king cannot help by moving away from the pins with} 23...Kh8 24.Qh4 Ng8 25.Rxf7 $1 Qxh4 26.Bxg7# ) ( {Neither} 23...Kf8 {is any good after} 24.Qh4 Bd7 25.Rxf6 $1 gxf6 26.Qxh7 Ke8 27.Bxf6 ) 24.Rxf7 $1 Qxf7 25.Rxf7 Kxf7 26.Qg3 {Normally two rooks would be stronger than the queen but in this particular posiiton they are not even close to opposing it. Please note how great the white bishops are, both stopping the rooks from getting in and providing excellent support for the queen.} 26...Nf6 27.Qe5 Rd2 {Desperation.} ( {Otherwise Wojtaszek would have gradually won after, say,} 27...b6 28.g4 $1 h6 29.h4 Ne8 30.g5 Re6 31.Qf5+ Ke7 32.Bg4 ) 28.Bxd2 Rxd2 29.Kf1 ( 29.Qc3 $5 {with the idea to trap the rook after} 29...Rxe2 30.Kf1 {was a good idea as well.} ) 29...Rc2 ( {Or} 29...Nd7 30.Qh5+ Kg8 31.Qe8+ ( 31.Bg4 Nf8 32.Qe5 ) 31...Nf8 32.Qe5 ) 30.Ke1 {The king takes care of the rook in person.} 30...Rc1+ 31.Kd2 Rg1 32.g4 h6 33.h4 g5 {The last chance to build a fortress but Black doesn't have enough resources for this.} ( 33...Nxg4 {drops the knight after} 34.Bxg4 Rxg4 35.Qf5+ ) ( {and after} 33...Nd7 34.Qh2 Rb1 35.Kc2 Ra1 36.g5 {White slowly squeezes the opponent.} ) 34.hxg5 hxg5 35.Qxg5 Bd7 36.Qxc5 Bxg4 37.Bxg4 Rxg4 38.Qc7+ Ke6 39.Qxb7 Rg2+ 40.Kc3 Re2 41.Qc8+ 1-0